Statistics for Guess the Taylor Swift Song (no hints) 142

Click here to take the quiz!

General Stats

  • This quiz has been taken 17 times
  • The average score is 83 of 147

Answer Stats

Answer% Correct
I
100%
The
100%
the
100%
me
94%
you
94%
You
94%
is
88%
your
88%
and
81%
be
81%
no
81%
on
81%
But
75%
don't
75%
Don't
75%
I'll
75%
this
75%
all
69%
Just
69%
can
63%
never
63%
now
63%
our
63%
said
63%
when
63%
When
63%
go
56%
look
56%
out
56%
that's
56%
eyes,
50%
eyes
50%
here
50%
light
50%
light,
50%
one
50%
You'll
50%
down
44%
even
44%
leave
44%
let
44%
those
44%
close
38%
Come
38%
dare
38%
darling,
38%
face
38%
going
38%
gone,
38%
gone
38%
sun
38%
whoa
38%
almost
31%
alone
31%
alright
31%
alright,
31%
everything's
31%
fire
31%
hurt
31%
lullaby
31%
morning
31%
onto
31%
Ooh,
31%
Ooh
31%
ooh
31%
remember
31%
safe
31%
shadows
31%
sound
31%
streaming
31%
tears
31%
tonight
31%
window,
31%
dead
25%
Hold
25%
killed
25%
music's
25%
outside
25%
passed
25%
raging
25%
war
25%
door
19%
keeps
19%

Score Distribution

Percentile by Number Answered

Percent of People with Each Score

Your Score History

You have not taken this quiz